| 000 | 01235nam a22002897a 4500 | ||
|---|---|---|---|
| 001 | BD-DhSAU 8643 | ||
| 003 | BD-DhSAU | ||
| 005 | 20220919164517.0 | ||
| 008 | 150612b2006 bg a|||| m||| 00| 0 eng d | ||
| 040 | _aBD-DhSAU | ||
| 082 |
_222 _a571.92 _bZ144 |
||
| 100 |
_aZamal, Md Shah _eRegistration no. # 25201/00327 |
||
| 245 |
_aEfficacy of fungicides in controlling leaf blight of Wheat caused by Bipolaris sorokiniana _bMS thesis _cMd Shah Zamal |
||
| 260 |
_aSher-e-Bangla Agricultural Uniersity : _bDepartment of Plant Pathology, _c2006. |
||
| 300 |
_aviii, 70 p. : _bill. ; _c30 cm. |
||
| 500 | _aMS thesis of Department of Plant Pathology, Faculty of Agriculture, Sher-e-Bangla Agricultural University, Dhaka, Bangladesh | ||
| 504 | _aIncludes bibliographical reference. | ||
| 590 | _aerfat | ||
| 650 | _aPlant Pathology | ||
| 650 | _aEfficacy of fungicides | ||
| 650 | _aControlling leaf blight of Wheat | ||
| 650 | _aBipolaris sorokiniana | ||
| 700 |
_aAminuzzaman, F M _eSuperviser |
||
| 700 |
_aSultana, Nazneen _eCo-superviser |
||
| 856 |
_yOnline Access _uhttp://archive.saulibrary.edu.bd:8080/xmlui/handle/123456789/4227 |
||
| 942 |
_2ddc _cTHESIS |
||
| 999 |
_c8643 _d8643 |
||